| 000 | 00000nam##2200000za#4500 |
| 001 | 9.569680 |
| 003 | CaOODSP |
| 005 | 20210624181901 |
| 007 | cr ||||||||||| |
| 008 | 150406|1993||||xxc|||||o f|0| 0 eng|d |
| 040 | |aCaOODSP|beng |
| 043 | |an-cn--- |
| 086 | 1 |aNH18-1/155-1993E-PDF |
| 110 | 2 |aCanada Mortgage and Housing Corporation. |
| 245 | 10|a"Home Electronic" Bus Project : |h[electronic resource]|bpre-wiring for the future / |cprepared by Ronald B. Dewhurst. |
| 260 | |aOttawa - Ontario : |bCanada Mortgage and Housing Corporation |c[1993]. |
| 300 | |a98p.|bfigs., illus., photographs |
| 490 | 1 |aResearch report |
| 500 | |aText in English. Includes some text in French. |
| 504 | |aBibliography. |
| 590 | |a12-28-Supp|b2012-06-15 |
| 720 | 1 |aDewhurst, Ronald B. |
| 830 | #0|aResearch report (Canada Mortgage and Housing Corporation : Online)|w(CaOODSP)9.506068 |
| 856 | 40|ahttp://publications.gc.ca|qPDF|s3 MB|uhttps://publications.gc.ca/collections/collection_2011/schl-cmhc/nh18-1/NH18-1-155-1993-eng.pdf |